TOP 3 TEAMS IN HUNGARIAN FIRST DIVISION FOOTBALL HISTORY - Statistics

General Stats
  • This quiz has been taken 16 times
  • The average score is 18 of 37
Answer Stats
Top 3 Top 1 Answer % Correct
62 24 MTK Budapest FC
100%
62 20 Újpest FC
100%
14 7 Debreceni VSC
93%
13 4 ETO FC Győr
93%
98 39 Ferencvárosi TC
93%
5 0 Puskás Akadémia FC
93%
33 15 Budapest Honvéd FC
87%
1 0 Kecskeméti TE
87%
3 0 Paksi FC
87%
22 6 Vasas FC
87%
15 3 Videoton FC Fehérvár
87%
2 1 Zalaegerszegi TE FC
73%
1 0 Diósgyőri VTK
67%
1 0 Békéscsabai Előre FC
60%
1 0 Szombathelyi Haladás
60%
7 4 Csepel SC
47%
2 1 Dunaújvárosi FC
47%
1 0 Kisvárda Master Good
47%
2 1 Nagyváradi AC / Club Atletic Oradea
47%
1 0 Szeged FC
47%
3 1 Vác VLSE
47%
1 0 BVSC-Zugló
40%
8 2 Budapesti TC
33%
6 0 FC Tatabánya
33%
1 0 Szolnoki MÁV
27%
1 0 Kolozsvári AC / CFR 1907 Cluj
20%
1 0 Salgótarjáni BTC
20%
1 0 Bocskai SC
13%
1 0 Postás SE
13%
1 0 33 FC
7%
1 0 III. Kerületi TVE
7%
2 0 Pécsi Mecsek Futball Club
7%
5 0 Törekvés SC
7%
1 0 Budapesti Atlétikai Kör
0%
3 0 Magyar Atlétikai Club
0%
1 0 Magyar Úszó Egylet
0%
1 0 Nemzeti SC
0%
No matching quizzes found
Score Distribution
Percent of People with Each Score
Percentile by Number Answered
Your Score History
You have not taken this quiz